| 000 | 01116nam a2200301 i 4500 | ||
|---|---|---|---|
| 003 | DO-SdBNP | ||
| 005 | 20250520141933.0 | ||
| 007 | ta | ||
| 008 | 240314b2023 dr a|||| |||| 00| 0 spa d | ||
| 020 | _a9789945223163 | ||
| 040 |
_aDO-SdBNP _bspa _cBNPHU _erda |
||
| 082 | 4 |
_axxx _bxxx _222 |
|
| 100 |
_aJiménez, Miguel Antonio, _d1955- _eautor _4aut. _921801 |
||
| 245 | 1 | 0 |
_aDiversidad de la armonía / _cMiguel Antonio Jiménez ; cuidado de edición, Miguel Antonio Jiménez |
| 264 | 1 |
_aSanto Domingo : _bEditora Búho, _c2023. |
|
| 300 |
_a221 páginas : _bilustraciones ; _c26 cm. |
||
| 336 |
_atexto _btxt _2rdacontent |
||
| 337 |
_asin mediación _bn _2rdamedia |
||
| 338 |
_avolumen _bnc _2rdacarrier |
||
| 490 | _aTaller literario César Vallejo. Universidad Autónoma de Santo Domingo | ||
| 490 |
_aHorizonte _v1 |
||
| 500 | _aIncluye datos biográficos del autor en la solapa de la cubierta | ||
| 500 | _aEn el 44 aniversario del Taller Literario César Vallejo | ||
| 590 | _aInventariado, 2024/BT | ||
| 700 | 1 |
_aJiménez, Miguel Antonio, _eeditor _4ed. _923568 |
|
| 910 | _aBtavárez | ||
| 942 |
_2ddc _cLBS1 |
||
| 999 |
_c56116 _d56116 |
||